| 000 | 00763cam a2200217 4500 | ||
|---|---|---|---|
| 008 | 071105c20042004sp 000 0 spa u | ||
| 020 | _a8449315573 | ||
| 035 | _aa465963 | ||
| 100 | 1 | _aLaval, Christian | |
| 245 | 1 | 3 |
_aLa Escuela no es una empresa : _bel ataque neoliberal a la enseñanza pública / _cChristian Laval ; tr. de Jordi Terré. |
| 260 |
_aBarcelona, Esp. : _bPaidos, _cc2004 |
||
| 300 |
_a401 p. , _c22 cm. |
||
| 440 | _aPaidós Controversias ; 1 | ||
| 500 | _aTraducción de: L'école n'est pas une entreprise | ||
| 504 | _aIncluye bibliografías | ||
| 650 | 4 |
_aEducación _xAspectos económicos _zFrancia |
|
| 650 | 4 |
_aEscuelas públicas _xFrancia |
|
| 700 | 1 | _aTerré, Jordi, tr. | |
| 942 |
_2lcc _cLIB |
||
| 999 |
_c125871 _d125871 |
||